Statistics for Biggest Cities in Europe - Ultimate Version

Click here to take the quiz!

General Stats

  • This quiz has been taken 740 times
    (737 since last reset)
  • The average score is 147 of 500

Answer Stats

PopulationAnswer% Correct
14.6mLondon
96%
11.3mParis
96%
17.0mMoscow
95%
4.63mBerlin
94%
6.35mMadrid
93%
3.60mRome
92%
4.70mBarcelona
91%
2.43mAmsterdam
89%
1.27mHelsinki
87%
2.55mLisbon
87%
5.15mMilan
87%
5.55mSaint Petersburg
87%
2.15mStockholm
87%
2.30mWarsaw
87%
3.38mAthens
86%
1.37mDublin
86%
14.8mIstanbul
86%
3.03mManchester
86%
1.17mOslo
86%
2.23mVienna
86%
2.05mBrussels
85%
2.25mMunich
85%
2.58mBudapest
84%
1.65mCopenhagen
84%
2.20mBucharest
83%
2.83mHamburg
83%
3.45mKiev
83%
1.86mLiverpool
82%
1.42mPrague
82%
1.66mMarseille
81%
3.20mRotterdam / The Hague
81%
921kZagreb
81%
4.98mCologne / Dusseldorf
80%
853kEdinburgh
80%
1.66mGlasgow
80%
4.23mNaples
80%
411kBern
79%
3.10mBirmingham
79%
3.23mFrankfurt am Main
79%
1.98mLyon
79%
654kRiga
79%
1.30mSofia
79%
576kTallinn
78%
562kVenice
78%
1.40mZürich
78%
2.00mMinsk
77%
1.15mPorto
77%
695kVilnius
75%
1.76mValencia
74%
1.41mBelgrade
73%
812kKraków
73%
848kBelfast
72%
641kBratislava
72%
941kNice
72%
1.33mSeville
72%
1.66mTurin
72%
682kGeneva
70%
2.15mLeeds
70%
555kSarajevo
70%
811kTirana
70%
855kPalermo
69%
980kFlorence
68%
510kMalmö
68%
687kCardiff
67%
1.03mAntwerp
66%
1.05mBordeaux
66%
938kGdańsk
65%
805kGothenburg
65%
537kLjubljana
64%
788kThessaloniki
64%
217kReykjavik
63%
875kBilbao
62%
1.47mNewcastle
62%
668kSkopje
61%
2.38mStuttgart
61%
395kBergen
60%
780kDresden
60%
207kCork
59%
561kLeipzig
59%
1.03mToulouse
59%
713kGenoa
58%
1.02mMálaga
58%
1.19mNuremberg
58%
1.10mOdessa
58%
504kPriština
58%
826kBremen
57%
617kBristol
57%
1.15mHanover
57%
1.29mLille
57%
350kSalzburg
57%
332kAberdeen
56%
775kBologna
56%
264kLuxembourg City
56%
736kChișinău
55%
186kPodgorica
55%
1.55mSheffield
55%
1.16mSouthampton
55%
773kStrasbourg
55%
613kNantes
53%
1.37mNottingham
51%
751kZaragoza
51%
589kBari
50%
1.45mDonetsk
50%
346kSplit
50%
418kValletta
50%
347kAarhus
49%
643kBasel
49%
416kGraz
49%
1.63mKharkiv
49%
923kŁódź
49%
790kLviv
49%
1.41mVolgograd
49%
423kBrno
48%
867kUtrecht
48%
446kBrighton
47%
562kGranada
47%
765kLeicester
47%
214k | 348kBrest
46%
176kInnsbruck
46%
1.57mMannheim
46%
593kGhent
45%
514kVerona
45%
227kBruges
44%
757kEindhoven
44%
2.40mKatowice
44%
244kOxford
44%
1.29mRostov-on-Don
44%
462kSwansea
44%
1.63mYekaterinburg
44%
746kLiège
43%
550kPalma de Mallorca
43%
264kTrondheim
43%
657kCatania
42%
1.74mNizhny Novgorod
42%
234kYork
42%
235kTrieste
41%
318kTurku
41%
641kWrocław
41%
183kCambridge
40%
1.25mKazan
40%
590kMontpellier
40%
436kRennes
40%
381kTampere
40%
757kAlicante
39%
476kCagliari
39%
299kKiel
39%
561kLinz
39%
343kPlymouth
39%
380kCluj-Napoca
38%
1.36mDnipro
38%
409kLausanne
38%
621kMurcia
38%
387kKaunas
37%
595kKingston-upon-Hull
37%
193kPisa
37%
626kPoznań
37%
1.13mUfa
37%
418kVarna
37%
414kA Coruña
36%
360kCórdoba
36%
257kDijon
36%
157kDundee
36%
467kKaliningrad
36%
412kSochi
36%
547kAachen
35%
389kNovi Sad
35%
211kUppsala
35%
212kAalborg
34%
543kPlovdiv
34%
1.32mSamara
34%
483kSzczecin
34%
661kGrenoble
33%
201kOdense
33%
1.11mPerm
33%
418kSevastopol
33%
211kHeraklion
32%
297kLe Havre
32%
5.70mRuhr Area
32%
803kSaarbrücken
32%
634kFreiburg im Breisgau
31%
534kPadua
31%
488kCharleroi
30%
539kGroningen
30%
344kParma
30%
226kReims
30%
337kSan Sebastián
30%
424kValladolid
30%
542kVigo
30%
881kKrasnodar
29%
505kOstrava
29%
201kOulu
29%
320kStavanger
29%
551kToulon
29%
434kAugsburg
28%
603kBielefeld
28%
731kKarlsruhe
28%
439kLublin
28%
214kRostock
28%
495kRouen
28%
475kStoke-on-Trent
28%
465kBournemouth
27%
256kCádiz
27%
329kDebrecen
27%
364kKosice
27%
415kMaastricht
27%
425kMetz
27%
361kNancy
27%
378kPamplona
27%
1.41mChelyabinsk
26%
420kConstanţa
26%
254kLübeck
26%
274kMessina
26%
298kMurmansk
26%
1.05mVoronezh
26%
202kPlzeň
25%
381kSantander
25%
359kTimisoara
25%
311kBergamo
24%
303kBlackpool
24%
246kBraga
24%
571kBreda / Tilburg
24%
250kCaen
24%
526kGomel
24%
425kLuhansk
24%
469kMiddlesbrough
24%
367kModena
24%
260kNiš
24%
267kOrléans
24%
1.09mSaratov
24%
150kToledo
24%
276kBurgas
23%
299kGijón
23%
226kLucern
23%
312kMünster
23%
216kPatra
23%
233kBanja Luka
22%
474kIaşi
22%
461kMariupol
22%
288kNorthampton
22%
213kRijeka
22%
422kTaranto
22%
459kTours
22%
351kArchangelsk
21%
470kBrescia
21%
415kBydgoszcz
21%
300kDurrës
21%
165kExeter
21%
296kMagdeburg
21%
323kMaribor
21%
527kSaint Étienne
21%
226kUlm
21%
206kAvignon
20%
346kErfurt
20%
310kOviedo
20%
257kRimini
20%
164kAmiens
19%
338kBiałystok
19%
431kBrunswick
19%
384kChemnitz
19%
476kClermont-Ferrand
19%
204kLe Mans
19%
184kLimoges
19%
185kLivorno
19%
220kNîmes
19%
330kSmolensk
19%
192kSyracuse
19%
247kAngers
18%
240kIpswich
18%
225kAlméria
17%
533kAstrakhan
17%
391kBlackburn
17%
552kDouai / Lens
17%
163kEdirne
17%
174kGirona
17%
352kGrozny
17%
208kKlaipėda
17%
212kLeón
17%
201kSalamanca
17%
403kSimferopol
17%
216kTarragona
17%
258kTiraspol
17%
485kTula
17%
236kUdine
17%
759kZaporizhia
17%
223kAncona
16%
406kArnhem
16%
399kBrasov
16%
267kCoimbra
16%
297kHalle
16%
315kKassel
16%
449kKursk
16%
151kLugano
16%
326kNijmegen
16%
200kSantiago de Compostela
16%
774kTolyatti
16%
437kTver
16%
608kYaroslavl
16%
195kLarisa
15%
296kMulhouse
15%
564kOrenburg
15%
250kPécs
15%
231kPerpignan
15%
353kPreston
15%
221kReggio Calabria
15%
246kGyör
14%
220kJerez de la Frontera
14%
654kKryvyi Rih
14%
236kLecce
14%
211kPeterborough
14%
183kRavenna
14%
206kRegensburg
14%
243kSzeged
14%
356kVladimir
14%
484kBelgorod
13%
401kEnschede
13%
266kGloucester
13%
366kGrodno
13%
176kLincoln
13%
158kLinköping
13%
271kMilton Keynes
13%
241kPescara
13%
538kRyazan
13%
613kUlyanovsk
13%
271kVitoria-Gasteiz
13%
161kBrindisi
12%
449kIvanovo
12%
370kKherson
12%
253kKoblenz
12%
220kNamur
12%
273kOsnabrück
12%
585kPenza
12%
210kPskov
12%
166kSt. Gallen
12%
206kSwindon
12%
152kTrier
12%
200kBurgos
11%
234kCartagena
11%
325kCraiova
11%
252kCzęstochowa
11%
175kFoggia
11%
323kGalati
11%
229kHuelva
11%
201kIngolstadt
11%
629kIzhevsk
11%
153kLahti
11%
728kMakhachkala
11%
494kMykolaiv
11%
230kOldenburg
11%
282kPerugia
11%
374kPoltava
11%
372kVitebsk
11%
407kBryansk
10%
553kKirov
10%
154kKristiansand
10%
194kLa Spezia
10%
313kMarbella
10%
291kMiskolc
10%
319kOryol
10%
176kOsijek
10%
285kReggio Emilia
10%
217kSassari
10%
533kStavropol
10%
234kVicenza
10%
192kAlbacete
9%
235kApeldoorn
9%
180kBadajoz
9%
196kBolzano
9%
233kCastellón de la Plana
9%
202kFerrara
9%
168kJyväskylä
9%
342kKaluga
9%
221kKielce
9%
222kLeuven
9%
508kLipetsk
9%
380kMogilev
9%
198kMons
9%
186kPaderborn
9%
201kPiacenza
9%
235kPrizren
9%
182kRuse
9%
230kRzeszów
9%
181kZwolle
9%
205kArad
8%
160kJaén
8%
179kKragujevac
8%
150kLiberec
8%
186kLleida
8%
418kMagnitogorsk
8%
239kOradea
8%
240kRadom
8%
334kSaransk
8%
161kStara Zagora
8%
225kToruń
8%
313kVologda
8%
188kAnnecy
7%
156kCatanzaro
7%
158kKerch
7%
278kKostroma
7%
175kLeeuwarden
7%
163kLorient
7%
530kNaberezhnye Chelny
7%
162kNovara
7%
152kOpole
7%
272k's Hertogenbosch
7%
210kSibiu
7%
278kSumy
7%
290kTambov
7%
177kTekirdağ
7%
223kVelikiy Novgorod
7%
430kVinnytsia
7%
152kBenidorm
6%
218kBrăila
6%
615kCheboksary
6%
316kChernivtsi
6%
172kForlì
6%
170kGöttingen
6%
179kGuimarães
6%
271kIvano-Frankivsk
6%
161kNitra
6%
347kNovorossiysk
6%
173kOlsztyn
6%
294kPloiesti
6%
173kPrešov
6%
307kRivne
6%
256kValenciennes
6%
199kVenlo
6%
307kVladikavkaz
6%
326kChernihiv
5%
189kCosenza
5%
174kGrimsby
5%
200kHeilbronn
5%
192kLogroño
5%
248kLutsk
5%
230kOrsk
5%
279kPetrozavodsk
5%
216kPitești
5%
153kPleven
5%
173kTerni
5%
157kZilina
5%
152kArezzo
4%
215kBabruysk
4%
225kBacău
4%
182kBaia Mare
4%
176kBayonne
4%
319kCherepovets
4%
304kCherkasy
4%
235kÇorlu
4%
188kKecskemét
4%
258kKramatorsk
4%
210kMelitopol
4%
279kNalchik
4%
356kNizhny Tagil
4%
309kPyatigorsk
4%
155kSzékesfehérvár
4%
164kTarnów
4%
233kTernopil
4%
172kÚstí nad Labem
4%
317kZhytomyr
4%
251kArmavir
3%
238kBielsko-Biala
3%
160kBuzău
3%
326kHasselt
3%
344kHorlivka
3%
278kKhmelnytskyi
3%
345kKremenchuk
3%
243kKropyvnytskyi
3%
181kMaykop
3%
192kPforzheim
3%
164kSiegen
3%
223kStary Oskol
3%
245kSyktyvkar
3%
173kSyzran
3%
280kTaganrog
3%
267kYoshkar-Ola
3%
191kBalakovo
2%
173kBaranovichi
2%
212kBila Tserkva
2%
155kGiessen
2%
237kNizhnekamsk
2%
169kNovocherkassk
2%
193kRybinsk
2%
184kSeverodvinsk
2%
280kSterlitamak
2%
168kZlatoust
2%
163kAlmetyevsk
1%
151kBerezniki
1%
237kEde
1%
245kElektrostal
1%
160kKhasavyurt
1%
152kMiass
1%
200kNavapolatsk
1%
166kNazran
1%
159kNevinnomyssk
1%
275kNizhnevartovsk
1%
190kNovomoskovsk
1%
219kSalavat
1%
209kSeverodonetsk
1%
250kShakhty
1%
179kVolgodonsk
1%

Score Distribution

Percentile by Number Answered

Percent of People with Each Score

Your Score History

You have not taken this quiz since the last reset